000 00452cam a2200193ua 4500
001 4068
008 111219n ii |||gr||||Z||||||eng
020 _a81-7033-523-X
040 _cMAIN
082 _a307.72
100 _aDoshi, S. L.,
245 1 1 _aRural sociology
_cby S. L. Doshi
250 _a1st.
260 _aJaipur:
_bRawat publications,
_c2009.
300 _a365p:
_c23cm.
653 _aSociology
653 _aRural sociology
942 _cBK
999 _c3890
_d3890